El laurel sombrío (Record no. 98163)

MARC details
000 -LEADER
campo de control de longitud fija 00592nam a2200193 i 4500
001 - NÚMERO DE CONTROL
campo de control 98163
003 - IDENTIFICADOR DE NÚMERO DE CONTROL
campo de control ES-MaACL
005 - FECHA Y HORA DE LA ÚLTIMA TRANSACCIÓN
campo de control 20240421063022.0
007 - CAMPO FIJO DE DESCRIPCIÓN FÍSICA--INFORMACIÓN GENERAL
campo de control de longitud fija t|
008 - DATOS DE LONGITUD FIJA--INFORMACIÓN GENERAL
campo de control de longitud fija 050726s1956 sp ||||1| spa d
100 1# - ENTRADA PRINCIPAL--NOMBRE DE PERSONA
Nombre de persona Marrodán, Mario Ángel,
Fechas asociadas al nombre 1932-2005
9 (RLIN) 77080
245 13 - MENCIÓN DEL TÍTULO
Título El laurel sombrío
Resto del título : antología /
Mención de responsabilidad, etc. Mario Angel Marrodán.
260 ## - PUBLICACIÓN, DISTRIBUCIÓN, ETC.
Lugar de publicación, distribución, etc. Guadalajara :
Nombre del editor, distribuidor, etc. [s.n.],
Fecha de publicación, distribución, etc. 1956 (
Fabricante Bachende)
300 ## - DESCRIPCIÓN FÍSICA
Extensión 14 h. ;
Dimensiones 17 cm.
490 1# - MENCIÓN DE SERIE
Mención de serie Doña Endrina ;
Designación de volumen o secuencia 16
830 0# - PUNTO DE ACCESO ADICIONAL DE SERIE-TÍTULO UNIFORME
Título uniforme Doña Endrina ;
Designación de volumen o secuencia 16
9 (RLIN) 182860
852 ## - LOCALIZACIÓN
Ubicación ES-MaACL
Número de control de estantería 1987-F-15
Sublocalización o colección R.40005
Holdings
Estatus retirado Estado de pérdida Estado de daño No para préstamo Colección Biblioteca de origen Biblioteca actual Ubicación en estantería Fecha de adquisición Fuente de adquisición Total de préstamos Signatura topográfica completa Código de barras Visto por última vez Precio de reemplazo Tipo de ítem Koha
        Colección de folletos Biblioteca del Ateneo de Madrid Biblioteca del Ateneo de Madrid Depósito folletos 17/01/2008     1987-F-15 1102473 23/02/2023 23/02/2023 Folleto